[Event "Cesenatico op 8th"]
[Site "Cesenatico"]
[Date "2003.??.??"]
[Round "6"]
[White "Cecchetto, Vanni"]
[Black "Strijkers, Niek"]
[Result "0-1"]
[WhiteElo "2050"]
[BlackElo "2150"]
[PlyCount "50"]
[EventDate "2003.09.??"]
[EventType "swiss"]
[EventRounds "9"]
[EventCountry "ITA"]
[SourceTitle "EXT 2007"]
[Source "ChessBase"]
[SourceDate "2006.11.23"]
[SourceVersion "1"]
[SourceVersionDate "2006.11.23"]
[SourceQuality "1"]

1. d4 g6 2. Nf3 Bg7 3. Bf4 d6 4. e3 Nf6 5. Be2 b6 6. h3 Bb7 7. c4 0-0 8. Nc3 a6 9. Qc2 c5 10. 0-0 Nbd7 11. Rad1 cxd4 12. exd4 Rc8 13. Rfe1 d5 14. c5 bxc5 15. Qb3 Bc6 16. Bxa6 Ra8 17. Bb7 c4 18. Qb4 Rb8 19. Bxb8 Qxb8 20. Rxe7 Rc8 21. Ne5 Bf8 22. Qa5 Qxb7 23. Nxc6 Rxc6 24. Re2 Ra6 25. Qd8 Ra8 0-1

[Event "Cesenatico op 8th"]
[Site "Cesenatico"]
[Date "2003.??.??"]
[Round "9"]
[White "Strijkers, Niek"]
[Black "Castellano, Alfonso"]
[Result "1-0"]
[WhiteElo "2150"]
[BlackElo "1700"]
[PlyCount "79"]
[EventDate "2003.09.??"]
[EventType "swiss"]
[EventRounds "9"]
[EventCountry "ITA"]
[SourceTitle "EXT 2007"]
[Source "ChessBase"]
[SourceDate "2006.11.23"]
[SourceVersion "1"]
[SourceVersionDate "2006.11.23"]
[SourceQuality "1"]

1. e4 c5 2. b3 Nf6 3. e5 Nd5 4. g3 d6 5. exd6 Qxd6 6. Bb2 Nc6 7. Bg2 e5 8. d3 Be7 9. Nd2 f6 10. Ngf3 Be6 11. 0-0 0-0 12. Re1 Rad8 13. Qe2 Rfe8 14. Rad1 Bf8 15. c3 Nb6 16. Ne4 Qc7 17. Qc2 Qf7 18. h4 Qh5 19. Qc1 Bg4 20. Qe3 Nd5 21. Qe2 f5 22. Ned2 e4 23. dxe4 Ne5 24. Qf1 fxe4 25. Nxe5 Bxd1 26. c4 Ne3 27. fxe3 Rxd2 28. Bc3 Rd6 29. Qf4 Rf6 30. Qxe4 Rfe6 31. Qd3 Bg4 32. Bd5 Bf5 33. e4 Bh3 34. Qe3 Kh8 35. Bxe6 Rxe6 36. Qf3 Qe8 37. g4 Bd6 38. Nf7+ Kg8 39. Nxd6 Rxd6 40. Qxh3 1-0

[Event "Curacao 40th anniv op"]
[Site "Curacao"]
[Date "2002.11.26"]
[Round "8"]
[White "Broehl, Stephan"]
[Black "Strijkers, Niek"]
[Result "1/2-1/2"]
[WhiteElo "2223"]
[BlackElo "2164"]
[PlyCount "128"]
[EventDate "2002.11.02"]
[EventType "swiss"]
[EventRounds "9"]
[EventCountry "AHO"]
[SourceTitle "CBM 091 Extra"]
[Source "ChessBase"]
[SourceDate "2003.01.09"]
[SourceVersion "1"]
[SourceVersionDate "2003.01.09"]
[SourceQuality "1"]

1. e4 g6 2. d4 Bg7 3. Nc3 d6 4. Be3 a6 5. f4 b5 6. Be2 Bb7 7. Bf3 Nd7 8. e5 Bxf3 9. Qxf3 Nb6 10. a4 b4 11. Ne4 e6 12. a5 Nd5 13. Bf2 Nge7 14. Ne2 Qd7 15. 0-0 0-0 16. Bh4 Nf5 17. Nf6+ Nxf6 18. Bxf6 Nxd4 19. Nxd4 dxe5 20. fxe5 Qxd4+ 21. Kh1 Qxb2 22. Bxg7 Kxg7 23. Qf6+ Kg8 24. Rab1 Qc3 25. Rb3 Qxc2 26. Rxb4 Rad8 27. Rbf4 Rd1 28. h4 Qc1 29. h5 Rxf1+ 30. Rxf1 Qh6 31. g4 Qg7 32. Qf4 g5 33. Qe3 Rd8 34. Qc5 Qf8 35. Qxc7 Rc8 36. Qb7 Rb8 37. Qc7 Rc8 38. Qa7 Ra8 39. Qb7 Rb8 40. Qxa6 Qc5 41. Qd6 Qd5+ 42. Qxd5 exd5 43. a6 Ra8 44. Rf6 Kf8 45. Kg2 Ke7 46. Kf3 Rb8 47. Ke3 Rb4 48. Rd6 Rxg4 49. Rxd5 Ra4 50. Rd6 g4 51. Kf2 Ra5 52. Rb6 Rxe5 53. a7 Ra5 54. Rb7+ Kf6 55. Kg3 Ra4 56. Kh4 h6 57. Rc7 g3+ 58. Kxg3 Kg5 59. Rxf7 Ra3+ 60. Kf2 Kxh5 61. Rg7 Kh4 62. Ke2 h5 63. Kf2 Ra1 64. Ke2 Kh3 1/2-1/2

[Event "Curacao 40th anniv op"]
[Site "Curacao"]
[Date "2002.11.24"]
[Round "6"]
[White "Vlugt, Frans"]
[Black "Strijkers, Niek"]
[Result "1/2-1/2"]
[WhiteElo "2088"]
[BlackElo "2164"]
[PlyCount "73"]
[EventDate "2002.11.02"]
[EventType "swiss"]
[EventRounds "9"]
[EventCountry "AHO"]
[SourceTitle "CBM 091 Extra"]
[Source "ChessBase"]
[SourceDate "2003.01.09"]
[SourceVersion "1"]
[SourceVersionDate "2003.01.09"]
[SourceQuality "1"]

1. e4 g6 2. d3 Bg7 3. g3 b6 4. Bg2 Bb7 5. c3 d6 6. Qe2 e5 7. f4 Ne7 8. Nf3 Nd7 9. 0-0 h6 10. f5 g5 11. Be3 c6 12. Nbd2 Qc7 13. a4 0-0 14. Ne1 Nf6 15. Nc2 d5 16. a5 c5 17. Bf2 Rfd8 18. Rfd1 Rac8 19. axb6 axb6 20. h3 dxe4 21. dxe4 Nc6 22. Ne3 Na5 23. b4 Rxd2 24. Rxd2 Nb3 25. Ra7 Nxd2 26. Qxd2 cxb4 27. cxb4 Qc1+ 28. Qxc1 Rxc1+ 29. Kh2 Bxe4 30. Ng4 Bxf5 31. Nxe5 Rc2 32. Kg1 Ne4 33. Rxf7 Rxf2 34. Bxe4 Bxe5 35. Rxf5 Rxf5 36. Bxf5 Bxg3 37. Kg2 1/2-1/2

[Event "Curacao 40th anniv op"]
[Site "Curacao"]
[Date "2002.11.20"]
[Round "3"]
[White "Strijkers, Niek"]
[Black "Hernandez, Alexander"]
[Result "0-1"]
[WhiteElo "2164"]
[BlackElo "2269"]
[PlyCount "100"]
[EventDate "2002.11.02"]
[EventType "swiss"]
[EventRounds "9"]
[EventCountry "AHO"]
[SourceTitle "CBM 091 Extra"]
[Source "ChessBase"]
[SourceDate "2003.01.09"]
[SourceVersion "1"]
[SourceVersionDate "2003.01.09"]
[SourceQuality "1"]

1. e4 c5 2. Nf3 d6 3. d4 cxd4 4. Nxd4 Nf6 5. Nc3 a6 6. f4 e5 7. Nf3 Nbd7 8. a4 Be7 9. Bc4 0-0 10. a5 b6 11. 0-0 bxa5 12. Nd5 Nxd5 13. Bxd5 Bb7 14. Bxb7 Qb6+ 15. Kh1 Qxb7 16. Rxa5 Qb4 17. Qe1 Rfb8 18. Qxb4 Rxb4 19. fxe5 dxe5 20. Nxe5 Nxe5 21. Rxe5 Bf6 22. Rc5 Rxe4 23. c3 a5 24. Kg1 a4 25. Kf2 Rae8 26. Kf3 h6 27. Rc8 Rxc8 28. Kxe4 a3 29. bxa3 Bxc3 30. Kd3 Be5 31. Bf4 Bb2 32. Bd6 Rd8 33. Kc2 Rxd6 34. Kxb2 Rd2+ 35. Kc3 Rxg2 36. Ra1 Rxh2 37. a4 Re2 38. a5 Re8 39. a6 g5 40. Kd4 Kg7 41. Kc5 h5 42. a7 Ra8 43. Kb6 h4 44. Kb7 Rxa7+ 45. Kxa7 g4 46. Rh1 h3 47. Kb6 Kf6 48. Kc5 Ke5 49. Kc4 Ke4 50. Kc3 Kf3 0-1